000 00366nab a22001097u 4500
008 130520b1990 xxu||||| |||| 00| 0 fre d
041 _afre
100 1 _aRowland, Christopher
_947739
245 0 0 _aParler pour les sans-voix. Théologie et apocalypse
_cChristopher Rowland
773 0 _tLumière et Vie
_gV.39, nº200,1990,págs. 53-62
_x0024-7359
_wRev261
942 _cAR
999 _c318242
_d318242